000
002380000a22000970004500
100
1
_a
Torres, William
245
1
0
_a
Los olvidados : Los damnificados
300
_a
Vol. 16, Núm 16 (1993), Páginas 28-30
773
0
_t
Cambio 16
942
_c
ANA
999
_c
58377
_d
58377